000 00594nmm a2200157Ia 4500
008 251105s9999||||xx |||||||||||||||||und||
020 _a9786075643335
041 _aspa
100 _aBusto Ibarra, Karina
245 0 _aEl Pacífico mexicano y sus transformaciones :
_b Integración marítima y terrestre en la configuración de un espacio internacional, 1848-1927
264 _a[México D.C., Mexico] :
_bEl Colegio de México,
_c2023
300 _a447 páginas
650 _aHistory of the Americas: Latin America
856 _uhttps://public.digitaliapublishing.com/a/131859
942 _cCF
999 _c75823
_d75823